000 00481nam a2200205Ia 4500
005 20240823050121.0
008 240823s9999||||xx |||||||||||||| ||und||
020 _a0-8493-3747-X
041 _aENGLISH
082 _A629.8 Q0
100 _aZdenko Kovacic
245 0 _aFuzzy Controller Design
250 _a1st
260 _c2010
_bCRC Taylor&Fr
500 _aYES
650 _aFuzzy Controller
_bElectrical
700 _a Stjepan Bogdan
942 _cBK
999 _c216516
_d216516